[Event "Bayern-chI Bank Hofmann 21st"]
[Site "Tegernsee"]
[Date "2017.11.04"]
[Round "8"]
[White "Nagel, Bernhard"]
[Black "Beckers, Thomas"]
[Result "1/2-1/2"]
[WhiteElo "2220"]
[BlackElo "2029"]
[PlyCount "50"]
[EventDate "2017.10.28"]
[EventType "swiss"]
[EventRounds "9"]
[EventCountry "GER"]
[SourceTitle "CBM 181 Extra"]
[Source "ChessBase"]
[SourceDate "2017.12.12"]
[SourceVersion "1"]
[SourceVersionDate "2017.12.12"]
[SourceQuality "1"]

1. c4 c6 2. Nf3 d5 3. b3 Bf5 4. Bb2 e6 5. g3 Nf6 6. Bg2 Be7 7. 0-0 h6 8. d3 0-0 9. Nbd2 Bh7 10. a3 Nbd7 11. Ra2 Re8 12. Qa1 Bf8 13. Rc1 Rc8 14. h3 b6 15. b4 c5 16. bxc5 bxc5 17. Bxf6 gxf6 18. cxd5 exd5 19. e4 Bg7 20. exd5 Bxd3 21. Qc3 c4 22. Qb4 Bf8 23. Qc3 Bg7 24. Qb4 Bf8 25. Qc3 Bg7 1/2-1/2

[Event "Landesliga Sued 0910"]
[Site "Bayern"]
[Date "2010.02.07"]
[Round "6.6"]
[White "Wagner, Hans2222"]
[Black "Beckers, Thomas"]
[Result "1/2-1/2"]
[WhiteElo "2133"]
[BlackElo "1991"]
[PlyCount "81"]
[EventDate "2009.10.18"]
[EventType "team-tourn"]
[EventRounds "9"]
[EventCountry "GER"]
[SourceTitle "EXT 2011"]
[Source "ChessBase"]
[SourceDate "2010.11.26"]
[SourceVersion "1"]
[SourceVersionDate "2010.11.26"]
[SourceQuality "1"]
[WhiteTeam "Rottal"]
[BlackTeam "Muenchen Tarrasch II"]
[WhiteTeamCountry "GER"]
[BlackTeamCountry "GER"]

1. Nf3 d5 2. g3 Nf6 3. Bg2 c6 4. d3 g6 5. Nbd2 Bg7 6. 0-0 0-0 7. e4 Qb6 8. Qe2 Rd8 9. e5 Ng4 10. h3 Nh6 11. Kh2 c5 12. Ne1 Nc6 13. f4 f6 14. exf6 exf6 15. Nb3 Kf8 16. Be3 d4 17. Bf2 Re8 18. Qd2 Be6 19. Nf3 Nf7 20. Rae1 Nd6 21. Re2 Bxb3 22. axb3 Rxe2 23. Qxe2 Re8 24. Qd1 Nf5 25. Re1 Ne3 26. Qc1 Nxg2 27. Kxg2 Qd8 28. Rxe8+ Kxe8 29. Qe1+ Qe7 30. Kf1 Qxe1+ 31. Kxe1 b6 32. Kd2 Kd7 33. c3 f5 34. Kc2 Bf6 35. Be1 Ke7 36. Bd2 Kd7 37. Be1 h6 38. Bd2 Kd6 39. Bc1 Kd5 40. Bd2 Ke6 41. c4 1/2-1/2

[Event "Landesliga Sued 0910"]
[Site "Bayern"]
[Date "2009.11.15"]
[Round "2.7"]
[White "Beckers, Thomas"]
[Black "Zeitler, Georg"]
[Result "1-0"]
[WhiteElo "1991"]
[BlackElo "1900"]
[PlyCount "139"]
[EventDate "2009.10.18"]
[EventType "team-tourn"]
[EventRounds "9"]
[EventCountry "GER"]
[SourceTitle "EXT 2011"]
[Source "ChessBase"]
[SourceDate "2010.11.26"]
[SourceVersion "1"]
[SourceVersionDate "2010.11.26"]
[SourceQuality "1"]
[WhiteTeam "Muenchen Tarrasch II"]
[BlackTeam "Passau II"]
[WhiteTeamCountry "GER"]
[BlackTeamCountry "GER"]

1. d4 Nf6 2. Nf3 e6 3. c4 c5 4. d5 exd5 5. cxd5 d6 6. Nc3 g6 7. e4 Bg7 8. Be2 0-0 9. 0-0 Na6 10. Nd2 Nc7 11. Kh1 Re8 12. f3 a6 13. a4 b6 14. Nc4 Rb8 15. Bf4 Bf8 16. Qd2 Nh5 17. Bg5 Be7 18. Bxe7 Qxe7 19. g4 Ng7 20. e5 dxe5 21. d6 Qd8 22. dxc7 Qxc7 23. Qd6 Ne6 24. Qxc7 Nxc7 25. Nd6 Rd8 26. Nxc8 Rbxc8 27. Rad1 Rd4 28. Rxd4 exd4 29. Ne4 Kg7 30. Kg2 Ra8 31. Kf2 h6 32. Rc1 Nd5 33. b3 Nf4 34. a5 d3 35. Bf1 f5 36. gxf5 gxf5 37. Nd6 bxa5 38. Rxc5 Rb8 39. Ke3 d2 40. Be2 Nxe2 41. Kxe2 Rxb3 42. Nxf5+ Kf6 43. Nh4 Rb4 44. Ng2 Rb3 45. Rd5 a4 46. Rxd2 a3 47. Nf4 a5 48. Nd3 a4 49. Rc2 Kg5 50. Ke3 Kf5 51. h3 Kg5 52. Rc4 Kf5 53. Rxa4 Kg5 54. Rg4+ Kf5 55. Rf4+ Kg5 56. h4+ Kh5 57. Ra4 a2 58. Rxa2 Kxh4 59. Kf4 Kh5 60. Rh2+ Kg6 61. Ne5+ Kg7 62. Kf5 Rb6 63. Rg2+ Kh7 64. Rg6 Rb5 65. Ra6 h5 66. f4 h4 67. Kg5 h3 68. Ra3 Rb1 69. Rxh3+ Kg7 70. Ra3 1-0

[Event "Landesliga Sued 0809"]
[Site "Bayern"]
[Date "2009.03.29"]
[Round "9.5"]
[White "Beckers, Thomas"]
[Black "Lettl, Gerhard"]
[Result "1/2-1/2"]
[WhiteElo "2000"]
[BlackElo "2020"]
[PlyCount "86"]
[EventDate "2008.10.05"]
[EventType "team-tourn"]
[EventRounds "9"]
[EventCountry "GER"]
[SourceTitle "EXT 2020"]
[Source "ChessBase"]
[SourceDate "2019.10.17"]
[SourceVersion "1"]
[SourceVersionDate "2019.10.17"]
[SourceQuality "1"]
[WhiteTeam "Muenchen Zugzwang"]
[BlackTeam "Tegernsee II"]
[WhiteTeamCountry "GER"]
[BlackTeamCountry "GER"]

1. d4 d5 2. Nf3 Nf6 3. c4 c6 4. Nc3 e6 5. e3 Nbd7 6. Bd3 dxc4 7. Bxc4 b5 8. Bd3 a6 9. e4 c5 10. d5 e5 11. Bc2 Bd6 12. 0-0 0-0 13. b3 Nb6 14. Nd2 g6 15. a4 b4 16. Ne2 a5 17. Bd3 Nh5 18. Nc4 Nxc4 19. Bxc4 Qh4 20. f3 f5 21. Be3 f4 22. Bf2 Qe7 23. Kh1 Kh8 24. Ra2 g5 25. Ng1 Rg8 26. g4 fxg3 27. Bxg3 Bd7 28. Rg2 Raf8 29. Qe1 Rg6 30. h3 Rh6 31. Bh2 Nf4 32. Bxf4 gxf4 33. Rh2 Rg8 34. Rff2 Rg3 35. Qf1 Qh4 36. Rfg2 Bxh3 37. Nxh3 Rxh3 38. Qg1 Rg6 39. Rxg6 hxg6 40. Bf1 Rxh2+ 41. Qxh2 Qxh2+ 42. Kxh2 Kg7 43. Kh3 Kf6 1/2-1/2

[Event "Regionalliga SW 0708"]
[Site "Bayern"]
[Date "2007.11.25"]
[Round "3.7"]
[White "Maugg, Ludwig"]
[Black "Beckers, Thomas"]
[Result "1/2-1/2"]
[WhiteElo "1949"]
[BlackElo "1974"]
[PlyCount "47"]
[EventDate "2007.10.21"]
[EventType "team-tourn"]
[EventRounds "9"]
[EventCountry "GER"]
[SourceTitle "EXT 2009"]
[Source "ChessBase"]
[SourceDate "2008.11.26"]
[SourceVersion "1"]
[SourceVersionDate "2008.11.26"]
[SourceQuality "1"]
[WhiteTeam "Sonthofen"]
[BlackTeam "Zugzwang MSA"]
[WhiteTeamCountry "GER"]
[BlackTeamCountry "GER"]

1. d4 f5 2. e4 fxe4 3. Nc3 Nf6 4. Bg5 Nc6 5. d5 Ne5 6. Qe2 d6 7. Bxf6 exf6 8. Qxe4 f5 9. Qe3 Be7 10. f4 Nd7 11. 0-0-0 0-0 12. Nf3 Nc5 13. Bc4 Bf6 14. Nd4 Bxd4 15. Qxd4 Bd7 16. Rhe1 Re8 17. g3 a6 18. b4 Na4 19. Nxa4 Bxa4 20. Bd3 Bd7 21. c4 Rxe1 22. Rxe1 Qf8 23. c5 Re8 24. Rxe8 1/2-1/2

[Event "Regionalliga SW 0607"]
[Site "Bayern"]
[Date "2006.12.10"]
[Round "4.6"]
[White "Czap, Bernhard"]
[Black "Beckers, Thomas"]
[Result "1-0"]
[WhiteElo "2099"]
[BlackElo "2009"]
[PlyCount "97"]
[EventDate "2006.10.15"]
[EventType "team-tourn"]
[EventRounds "9"]
[EventCountry "GER"]
[SourceTitle "EXT 2008"]
[Source "ChessBase"]
[SourceDate "2007.11.25"]
[SourceVersion "1"]
[SourceVersionDate "2007.11.25"]
[SourceQuality "1"]
[WhiteTeam "Unterhaching"]
[BlackTeam "Zugzwang MSA"]
[WhiteTeamCountry "GER"]
[BlackTeamCountry "GER"]

1. d4 f5 2. g3 Nf6 3. Bg2 g6 4. Nh3 Bg7 5. Nf4 0-0 6. c4 Nc6 7. 0-0 e5 8. dxe5 Nxe5 9. Qc2 c6 10. Rd1 d6 11. Be3 Qe7 12. a4 a6 13. a5 Be6 14. Nxe6 Qxe6 15. Ra4 Rae8 16. Rb4 Neg4 17. Bf4 Qxe2 18. Qxe2 Rxe2 19. Rxb7 Rfe8 20. Rf1 Ne4 21. Nc3 Rxf2 22. Nxe4 fxe4 23. Rxg7+ Kxg7 24. Rxf2 Nxf2 25. Kxf2 Rb8 26. Bxe4 Rxb2+ 27. Ke3 Rb3+ 28. Kd4 d5 29. cxd5 Rb4+ 30. Kd3 cxd5 31. Bxd5 Rb5 32. Bc4 Rxa5 33. Kc3 g5 34. Kb4 gxf4 35. Kxa5 fxg3 36. hxg3 h5 37. Bf1 h4 38. g4 Kg6 39. Kxa6 Kg5 40. Bh3 Kf4 41. Kb6 Kg3 42. g5 Kxh3 43. g6 Kh2 44. g7 h3 45. g8Q Kh1 46. Qd5+ Kg1 47. Qd1+ Kg2 48. Qe2+ Kg3 49. Qf1 1-0

[Event "Internet Section 09B g/8'+2\""]
[Site "Dos Hermanas"]
[Date "2004.03.09"]
[Round "2"]
[White "Bombardiere Rosas, Eduardo"]
[Black "Beckers, Thomas"]
[Result "1/2-1/2"]
[WhiteElo "2235"]
[BlackElo "2007"]
[PlyCount "123"]
[EventDate "2004.03.09"]
[EventType "swiss (blitz)"]
[EventRounds "9"]
[EventCountry "ESP"]
[SourceTitle "CBM 099 Extra"]
[Source "ChessBase"]
[SourceDate "2004.05.04"]
[SourceVersion "1"]
[SourceVersionDate "2004.05.04"]
[SourceQuality "1"]

1. d4 f5 2. c4 Nf6 3. Nf3 g6 4. g3 Bg7 5. Bg2 0-0 6. 0-0 d6 7. b3 Na6 8. Bb2 c6 9. d5 Bd7 10. Nd4 Qe8 11. Nd2 Nc7 12. Nc2 cxd5 13. cxd5 Qf7 14. Bxf6 Bxf6 15. Rc1 Nxd5 16. e4 Nc3 17. Qf3 fxe4 18. Nxe4 Nxe4 19. Qxe4 Bc6 20. Qd3 Bxg2 21. Kxg2 d5 22. Ne3 d4 23. Ng4 Qd5+ 24. Kg1 Bg7 25. h4 Rac8 26. Nh2 e5 27. Rce1 Rfe8 28. Qe4 Qxe4 29. Rxe4 Rc2 30. Nf3 Rd8 31. Nxe5 Bxe5 32. Rxe5 d3 33. Rd1 d2 34. Kf1 Rxa2 35. Re3 b5 36. Ke2 b4 37. Rd3 Rxd3 38. Kxd3 Rb2 39. Kc4 a5 40. Kb5 Rxb3 41. Kxa5 Rb2 42. Ka4 Kf7 43. Kb5 Kf6 44. Kc4 Kf5 45. f3 h5 46. Kd3 Kf6 47. Rxd2 Rxd2+ 48. Kxd2 Ke5 49. Kd3 Kd5 50. g4 Ke5 51. gxh5 gxh5 52. Kc4 Kf4 53. Kxb4 Kxf3 54. Kc3 Kg4 55. Kd2 Kxh4 56. Ke1 Kh3 57. Kf1 Kh2 58. Kf2 h4 59. Kf1 Kh1 60. Kf2 h3 61. Kf1 h2 62. Kf2 1/2-1/2

[Event "Passau op 7th"]
[Site "Passau"]
[Date "1999.04.03"]
[Round "3"]
[White "Beckers, Thomas"]
[Black "Okrajek, Alexander"]
[Result "0-1"]
[WhiteElo "1965"]
[BlackElo "2295"]
[PlyCount "90"]
[EventDate "1999.04.02"]
[EventType "swiss"]
[EventRounds "7"]
[EventCountry "GER"]
[SourceTitle "EXT 2000"]
[Source "ChessBase"]
[SourceDate "1999.11.16"]
[SourceVersion "1"]
[SourceVersionDate "1999.11.16"]
[SourceQuality "1"]

1. f4 g6 2. e4 Bg7 3. d4 c5 4. dxc5 Qa5+ 5. c3 Qxc5 6. Nf3 Nf6 7. Bd3 d6 8. Qe2 0-0 9. Be3 Qc7 10. Nbd2 Nc6 11. 0-0-0 a6 12. Kb1 b5 13. Rc1 Bd7 14. h3 Rfb8 15. g4 b4 16. c4 b3 17. a3 Qa5 18. c5 d5 19. e5 Ne8 20. Nd4 Qa4 21. Nxc6 Bxc6 22. Rhd1 Nc7 23. Nf3 Nb5 24. Bxb5 Bxb5 25. Qf2 e6 26. Nd4 Bc4 27. Nf3 Qc6 28. Bd4 Rb5 29. f5 Rc8 30. f6 Bf8 31. Rc3 Rxc5 32. Bxc5 Bxc5 33. Nd4 Qc7 34. Qf4 Rb8 35. Rd2 Bf8 36. Rf2 Rb6 37. h4 h6 38. Rh3 Kh7 39. Nf3 Bd3+ 40. Ka1 Rc6 41. Rh1 Be4 42. Rd1 Bxa3 43. Nd4 Rc2 44. Nxc2 bxc2 45. Rc1 Bxb2+ 0-1

[Event "Passau op 7th"]
[Site "Passau"]
[Date "1999.04.02"]
[Round "1"]
[White "Beckers, Thomas"]
[Black "Lanka, Zigurds"]
[Result "0-1"]
[WhiteElo "1965"]
[BlackElo "2521"]
[PlyCount "77"]
[EventDate "1999.04.02"]
[EventType "swiss"]
[EventRounds "7"]
[EventCountry "GER"]
[SourceTitle "EXT 2000"]
[Source "ChessBase"]
[SourceDate "1999.11.16"]
[SourceVersion "1"]
[SourceVersionDate "1999.11.16"]
[SourceQuality "1"]

1. f4 g6 2. e4 c5 3. Nc3 Bg7 4. Be2 Nc6 5. Nf3 d6 6. d3 e6 7. 0-0 Nge7 8. Qe1 Rb8 9. a3 b5 10. Nd1 0-0 11. Kh1 f5 12. Nf2 Nd4 13. Bd1 Bd7 14. c3 Nxf3 15. gxf3 Kh8 16. Be3 a5 17. d4 cxd4 18. cxd4 Bc6 19. Bb3 fxe4 20. Nxe4 Bd5 21. Bxd5 Nxd5 22. Qd2 a4 23. Rac1 Qd7 24. Rfe1 Rf5 25. Nc3 Qb7 26. Ne4 Rd8 27. Qa5 Rff8 28. Qd2 Bh6 29. Rc2 Nxe3 30. Qxe3 Bxf4 31. Qd3 Bh6 32. Kg2 Qd7 33. h3 Bf4 34. Rce2 Rf5 35. Kh1 Rh5 36. Nf2 e5 37. Kg2 Rg5+ 38. Kh1 Rh5 39. Kg2 0-1

[Event "Passau op 6th"]
[Site "Passau"]
[Date "1998.04.12"]
[Round "5"]
[White "Beckers, Thomas"]
[Black "Roth, Josef"]
[Result "0-1"]
[WhiteElo "1889"]
[BlackElo "2200"]
[PlyCount "38"]
[EventDate "1998.04.10"]
[EventType "swiss"]
[EventRounds "7"]
[EventCountry "GER"]
[SourceTitle "EXT 1999"]
[Source "ChessBase"]
[SourceDate "1998.11.16"]
[SourceVersion "1"]
[SourceVersionDate "1998.11.16"]
[SourceQuality "1"]

1. f4 g6 2. b3 Bg7 3. Nc3 d5 4. Bb2 Nf6 5. e3 0-0 6. Be2 c5 7. Nf3 Nc6 8. 0-0 d4 9. Na4 Qd6 10. Ba3 b6 11. Rb1 Bf5 12. Nb2 Ne4 13. Na4 dxe3 14. dxe3 Qc7 15. Bb2 Bxb2 16. Rxb2 e5 17. g4 Bxg4 18. Qd5 Nf6 19. Qd1 exf4 0-1

[Event "Passau op 6th"]
[Site "Passau"]
[Date "1998.04.12"]
[Round "6"]
[White "Knopp, Ingmar"]
[Black "Beckers, Thomas"]
[Result "1/2-1/2"]
[WhiteElo "2065"]
[BlackElo "1889"]
[PlyCount "106"]
[EventDate "1998.04.10"]
[EventType "swiss"]
[EventRounds "7"]
[EventCountry "GER"]
[SourceTitle "EXT 1999"]
[Source "ChessBase"]
[SourceDate "1998.11.16"]
[SourceVersion "1"]
[SourceVersionDate "1998.11.16"]
[SourceQuality "1"]

1. e4 e5 2. Nf3 Nc6 3. d3 Bc5 4. Nc3 d6 5. Be2 Nf6 6. Bg5 Be6 7. a3 d5 8. Na4 Be7 9. Bxf6 gxf6 10. exd5 Qxd5 11. Nc3 Qa5 12. Qd2 0-0-0 13. Ne4 Qb6 14. 0-0 Rhg8 15. b4 Rg4 16. Qc3 Rdg8 17. g3 R4g7 18. Nc5 Bh3 19. Rfb1 Rd8 20. Nd2 Nd4 21. Bf3 Nxf3+ 22. Nxf3 Qc6 23. Ne1 Qd5 24. Qb3 Qc6 25. Ne4 f5 26. Nc3 Bg5 27. b5 Qc5 28. Na4 Qd4 29. Qb4 Qd5 30. Qa5 b6 31. Qxa7 Rg6 32. Nc3 Qe6 33. Qa8+ Kd7 34. Qd5+ Qxd5 35. Nxd5 Rd6 36. Ne3 f4 37. Nc4 Re6 38. Nf3 Bf6 39. Ra2 Rg8 40. a4 e4 41. dxe4 Rxe4 42. Rd1+ Ke7 43. Ncd2 Re6 44. a5 bxa5 45. Rxa5 Re8 46. Ra4 Kf8 47. Rxf4 Kg7 48. c4 Rd8 49. c5 h6 50. Rc4 Bf5 51. Rcc1 Be7 52. Re1 Bd3 53. Nf1 Rb8 1/2-1/2

[Event "Passau op 6th"]
[Site "Passau"]
[Date "1998.04.11"]
[Round "4"]
[White "Urban, Rudolf"]
[Black "Beckers, Thomas"]
[Result "0-1"]
[WhiteElo "2135"]
[BlackElo "1889"]
[PlyCount "98"]
[EventDate "1998.04.10"]
[EventType "swiss"]
[EventRounds "7"]
[EventCountry "GER"]
[SourceTitle "EXT 1999"]
[Source "ChessBase"]
[SourceDate "1998.11.16"]
[SourceVersion "1"]
[SourceVersionDate "1998.11.16"]
[SourceQuality "1"]

1. e4 e5 2. Bc4 Bc5 3. Qe2 d6 4. d3 Nc6 5. c3 Nf6 6. Be3 Bb6 7. Bb3 Be6 8. Nd2 d5 9. Bxb6 axb6 10. h3 0-0 11. g4 dxe4 12. dxe4 Bxb3 13. Nxb3 Ra4 14. Nd2 Qa8 15. a3 Rd8 16. Ngf3 Nd7 17. 0-0 Nc5 18. Rfd1 Nd3 19. Nf1 Nf4 20. Rxd8+ Qxd8 21. Qc2 Ra8 22. Kh2 Qf6 23. g5 Qe6 24. Ng1 Rf8 25. Ng3 f6 26. b4 fxg5 27. Qa2 Qxa2 28. Rxa2 Rd8 29. Nf3 Rd3 30. Ne1 Rxc3 31. Rc2 Rxa3 32. b5 Nd4 33. Rxc7 Ra1 34. Nf5 Rxe1 35. Rxg7+ Kf8 36. Rxb7 h5 37. Rb8+ Kf7 38. Rb7+ Ke8 39. Rb8+ Kd7 40. Rb7+ Kd8 41. Rxb6 Kc7 42. Rd6 Rxe4 43. b6+ Kb7 44. Ne3 h4 45. Rd7+ Kc8 46. Rc7+ Kb8 47. Rc4 Nf3+ 48. Kh1 Rxc4 49. Nxc4 Kb7 0-1